| 000 | 00539nam a22001937a 4500 | ||
|---|---|---|---|
| 003 | KOHA_MİRAKIL | ||
| 005 | 20251118084345.0 | ||
| 008 | 251118b tu ||||| |||| 00| 0 tur d | ||
| 020 | _a9786257650113 | ||
| 040 |
_aTR-AnABB _btur _cTR-AnABB |
||
| 041 | _atur | ||
| 082 |
_a828.3354 _bJOR 2019 |
||
| 100 | 1 | _aJordan, Robert, | |
| 245 | 1 | 0 |
_aGöğün ateşleri / _cRobert Jordan |
| 260 |
_aİstanbul : _bİthaki Yayınları, _c2019 |
||
| 300 |
_a813 sayfa ; _c20 cm |
||
| 650 | 0 | 4 | _aAmerikan edebiyatı, roman |
| 942 |
_2ddc _cBK |
||
| 999 |
_c9509 _d9509 |
||
| 900 | _bGizem YORULMAZ | ||